CFA / 2012 Level 1. (Record no. 348944)

000 -LEADER
fixed length control field 00360 a2200145 4500
082 ## - DEWEY DECIMAL CLASSIFICATION NUMBER
Classification number 332
090 ## - LOCALLY ASSIGNED LC-TYPE CALL NUMBER (OCLC); LOCAL CALL NUMBER (RLIN)
-- 6586
-- 6586
100 ## - MAIN ENTRY--PERSONAL NAME
Personal name Schweser,Kaplan.
245 ## - TITLE STATEMENT
Title CFA / 2012 Level 1.
Remainder of title Economics.
Statement of responsibility, etc. Kaplan Schweser.
250 ## - EDITION STATEMENT
Edition statement Book 2.
260 ## - PUBLICATION, DISTRIBUTION, ETC.
Place of publication, distribution, etc. America
Name of publisher, distributor, etc. Kaplan Schweser.
Date of publication, distribution, etc. 2011.
300 ## - PHYSICAL DESCRIPTION
Extent 252p.
500 ## - GENERAL NOTE
General note Paper cover
942 ## - ADDED ENTRY ELEMENTS (KOHA)
Institution code [OBSOLETE] NBS
Koha item type Book
Call number prefix 332 SCH
Holdings
Withdrawn status Lost status Damaged status Not for loan Permanent Location Current Location Date acquired Total Checkouts Full call number Barcode Date last seen Price effective from Koha item type
        Central Library (CL) Central Library (CL) 08/28/2013   332 SCH NBSP-343 08/28/2013 08/28/2013 Book
© 2023 Central Library, National University of Sciences and Technology. All Rights Reserved.